Ser cristiano

Gorde:
Xehetasun bibliografikoak
Egile nagusia: Ratzinger, Joseph (Egilea)
Formatua: Liburua
Hizkuntza:gaztelania
Argitaratua: Salamanca Sígueme 1967
Saila:Estela, 54
Gaiak:
Etiketak: Etiketa erantsi
Etiketarik gabe, Izan zaitez lehena erregistro honi etiketa jartzen!

MARC

LEADER 00000nam a2200000 a 4500
001 UCR1793
003 CL-VaPUC
008 971219e19670000SP |||||||||||||||||spa|d
082 0 4 |a 248.4  |b RAT  |2 21 
100 0 |a Ratzinger, Joseph  |e author  |9 399281 
245 1 0 |a Ser cristiano 
300 |a 108 p 
942 |c BK 
945 |d 19971219 00:00:00  |a jquezada 
260 |a Salamanca  |b Sígueme  |c 1967 
650 0 |a Vida religiosa  |9 257284 
650 0 |a Cristianismo  |9 257361 
650 0 |a Vida cristiana  |9 258753 
650 0 |a Fe  |9 308036 
650 0 |a Sacramentos   |9 257270 
650 7 |a ORACIONES  |2 CL-VaPUC  |9 319212 
583 |a last modification  |c 19971219 00:00:00  |k Rodrigo Vera 
490 0 |a Estela, 54 
999 |c 265158  |d 265156 
952 |0 0  |1 0  |4 0  |6 248_400000000000000_RAT_1967  |7 0  |8 A  |9 295976  |a BIBTEO  |b BIBTEO  |d 2019-11-20  |i 337002K  |o 248.4 RAT 1967  |p 337002K  |r 2025-01-17  |w 2019-11-20  |y BK  |k ICR